Experiences with integrated-conservation development projects in Asia (Record no. 271052)

000 -LEADER
fixed length control field 00637cam a22001817a 4500
008 - FIXED-LENGTH DATA ELEMENTS--GENERAL INFORMATION
fixed length control field 180718b1997 xxu||||| |||| 00| 0 eng d
020 ## - INTERNATIONAL STANDARD BOOK NUMBER
International Standard Book Number 0821340840
082 ## - DEWEY DECIMAL CLASSIFICATION NUMBER
Classification number T000x5 Sa58
100 ## - MAIN ENTRY--PERSONAL NAME
Personal name Sanjayan, M.A.
245 ## - TITLE STATEMENT
Title Experiences with integrated-conservation development projects in Asia
Statement of responsibility, etc. by M.A. Sanjayan, Susan Shen and Malcolm Jansen
260 ## - PUBLICATION, DISTRIBUTION, ETC.
Place of publication, distribution, etc. Washington, D.C.
Name of publisher, distributor, etc. World Bank
Date of publication, distribution, etc. 1997
300 ## - PHYSICAL DESCRIPTION
Extent 41p.
440 ## - SERIES STATEMENT/ADDED ENTRY--TITLE
Title World Bank technical paper no. 388
650 ## - SUBJECT ADDED ENTRY--TOPICAL TERM
Topical term or geographic name entry element Sustainable development - Asia
650 ## - SUBJECT ADDED ENTRY--TOPICAL TERM
Topical term or geographic name entry element Economic development projects - Environmental aspects - Asia
700 ## - ADDED ENTRY--PERSONAL NAME
Personal name Jansen, Malcolm
700 ## - ADDED ENTRY--PERSONAL NAME
Personal name Shen, Susan
Holdings
Withdrawn status Lost status Damaged status Not for loan Permanent Location Current Location Date acquired Full call number Barcode Date last seen Price effective from Koha item type
        Indian Institute of Public Administration Indian Institute of Public Administration 1997-12-18 T000x5 Sa58 WB7548 2018-07-20 2018-07-20 WB

Powered by Koha